[Event "Baden-Alsace"]
[Site "Hockenheim"]
[Date "2014.09.14"]
[Round "22"]
[White "De Silva, Joel Nils"]
[Black "Saban, Hassan"]
[Result "0-1"]
[WhiteElo "2023"]
[BlackElo "1971"]
[PlyCount "98"]
[EventDate "2014.09.14"]
[EventType "team-match"]
[SourceDate "2014.09.13"]
[WhiteTeam "Baden"]
[BlackTeam "Alsace"]

1. e4 d5 2. exd5 Nf6 3. Nc3 Nxd5 4. Nxd5 Qxd5 5. Nf3 Bg4 6. Be2 Nc6 7. O-O
O-O-O 8. d3 e5 9. Be3 Bc5 10. c4 Qd6 11. Ng5 Bxe2 12. Qxe2 Qe7 13. Nxf7 Qxf7
14. Bxc5 Qg6 15. Rfd1 b6 16. Be3 Nb4 17. d4 Nc2 18. Rac1 Nxd4 19. Bxd4 exd4 20.
Qf3 Kb8 21. c5 Rhe8 22. cxb6 axb6 23. Rd2 Qg5 24. Qd3 Re4 25. Rcd1 Qe5 26. h3
g5 27. b4 h5 28. a4 g4 29. h4 Re1+ 30. Rxe1 Qxe1+ 31. Kh2 Qe7 32. a5 Qxh4+ 33.
Kg1 Qf6 34. a6 Re8 35. Rd1 Ka7 36. b5 Qd6 37. Rc1 Re5 38. Qh7 Re7 39. Qd3 h4
40. Rd1 Qf4 41. g3 hxg3 42. fxg3 Qd6 43. Kh2 Qh6+ 44. Kg1 Re3 45. Qxd4 Rxg3+
46. Kf1 Qh1+ 47. Ke2 Qg2+ 48. Ke1 Rf3 49. Qc4 Qf2# 0-1

[Event "Baden-Alsace"]
[Site "Hockenheim"]
[Date "2014.09.14"]
[Round "23"]
[White "Daeschler, Florian"]
[Black "May, Juergen"]
[Result "0-1"]
[WhiteElo "1921"]
[BlackElo "2009"]
[PlyCount "86"]
[EventDate "2014.09.14"]
[EventType "team-match"]
[SourceDate "2014.09.13"]
[WhiteTeam "Alsace"]
[BlackTeam "Baden"]

1. c4 d6 2. Nc3 g6 3. g3 Bg7 4. Bg2 e5 5. d3 Nf6 6. Nf3 O-O 7. O-O h6 8. Rb1 a5
9. a3 Re8 10. b4 axb4 11. axb4 c6 12. Nd2 d5 13. cxd5 cxd5 14. b5 Be6 15. Nb3
Nbd7 16. d4 e4 17. Bf4 Nh5 18. Be3 f5 19. Qd2 Kh7 20. Ra1 Qe7 21. Nc5 Nb6 22.
N3a4 Nc4 23. Qc2 Bf7 24. b6 Rec8 25. Qb3 Rc6 26. Rfb1 g5 27. Bh3 Kg6 28. g4 Nf4
29. gxf5+ Kh7 30. Bxf4 gxf4 31. Qd1 Qg5+ 32. Kh1 Qh4 33. Rb3 f3 34. exf3 Qxh3
35. fxe4 Qh4 36. e5 Bh5 37. Qg1 Qxd4 38. f6 Bxf6 39. exf6 Qxf6 40. Qb1+ Kh8 41.
Qc1 Bf3+ 42. Kg1 Qg6+ 43. Kf1 Qg2+ 0-1

[Event "Baden-Alsace"]
[Site "Hockenheim"]
[Date "2014.09.14"]
[Round "24"]
[White "Wiesner, Paula"]
[Black "Muller, Marion"]
[Result "1-0"]
[WhiteElo "1985"]
[BlackElo "1891"]
[PlyCount "49"]
[EventDate "2014.09.14"]
[EventType "team-match"]
[SourceDate "2014.09.13"]
[WhiteTeam "Baden"]
[BlackTeam "Alsace"]

1. d4 d5 2. c4 e6 3. Nc3 c5 4. cxd5 exd5 5. Nf3 Nc6 6. g3 c4 7. Bg2 Bb4 8. O-O
Nge7 9. e4 Be6 10. Ng5 dxe4 11. Nxe6 fxe6 12. Qh5+ g6 13. Qg4 Nxd4 14. Nxe4
Nef5 15. Bf4 O-O 16. Rad1 Qb6 17. Ng5 Be7 18. Be5 Bf6 19. Bxf6 Rxf6 20. Qh3 Qc7
21. g4 Ne2+ 22. Kh1 Nfd4 23. Qe3 Qf4 24. Ne4 Qxe3 25. Nxf6+ 1-0

[Event "Baden-Alsace"]
[Site "Hockenheim"]
[Date "2014.09.14"]
[Round "25"]
[White "Roth, Antoine"]
[Black "Schmitt, Roland"]
[Result "1-0"]
[WhiteElo "1885"]
[BlackElo "1920"]
[PlyCount "83"]
[EventDate "2014.09.14"]
[EventType "team-match"]
[SourceDate "2014.09.13"]
[WhiteTeam "Alsace"]
[BlackTeam "Baden"]

1. e4 c5 2. Nf3 d6 3. Bb5+ Nd7 4. d4 cxd4 5. Qxd4 e5 6. Qd3 a6 7. Bxd7+ Bxd7 8.
Nc3 Nf6 9. Bg5 h6 10. Bxf6 Qxf6 11. O-O Rc8 12. a4 Qd8 13. Rfd1 Be6 14. a5 Be7
15. Qe3 Qc7 16. Ne1 O-O 17. Nd5 Bxd5 18. Rxd5 Qc4 19. g4 Rc6 20. Rad1 Rfc8 21.
b3 Qb4 22. c4 b5 23. axb6 Rxb6 24. R5d3 Qc5 25. Nc2 Bg5 26. Qe2 Rcb8 27. Rd5
Qc7 28. b4 Rc6 29. b5 axb5 30. Nb4 bxc4 31. Nxc6 Qxc6 32. Rxd6 Qa4 33. Qf3 Qc2
34. Rd7 Bf6 35. h4 Rf8 36. R7d2 Qa4 37. Qg3 Rc8 38. g5 hxg5 39. hxg5 Be7 40.
Qh3 Rc7 41. Rd8+ Bf8 42. Rxf8+ 1-0

[Event "Baden-Alsace"]
[Site "Hockenheim"]
[Date "2014.09.14"]
[Round "26"]
[White "Steimbach, Isabel"]
[Black "Khatchatryan, Michel"]
[Result "1/2-1/2"]
[WhiteElo "1834"]
[BlackElo "1851"]
[PlyCount "67"]
[EventDate "2014.09.14"]
[EventType "team-match"]
[SourceDate "2014.09.13"]
[WhiteTeam "Baden"]
[BlackTeam "Alsace"]

1. e4 c5 2. Nf3 d6 3. d4 cxd4 4. Nxd4 Nf6 5. Nc3 a6 6. Bc4 e6 7. Bb3 b5 8. O-O
Be7 9. Re1 O-O 10. f4 Qc7 11. Kh1 Nc6 12. Nf3 Na5 13. Qd3 Nxb3 14. axb3 b4 15.
Nb5 Qb8 16. Nbd4 Bb7 17. Bd2 d5 18. e5 Ne4 19. Be3 Nc5 20. Qd1 Qc7 21. Bg1 Rae8
22. Nd2 Bc8 23. Re3 f5 24. Qh5 g6 25. Rg3 Rf7 26. Rf1 Ne4 27. Nxe4 dxe4 28.
Rxg6+ hxg6 29. Qxg6+ Kf8 30. Qh6+ Rg7 31. Qh8+ Rg8 32. Qh6+ Kf7 33. Qh7+ Rg7
34. Qh5+ 1/2-1/2

[Event "Baden-Alsace"]
[Site "Hockenheim"]
[Date "2014.09.14"]
[Round "28"]
[White "Pfenning, Uwe"]
[Black "Griggio, Jean Paul"]
[Result "1-0"]
[WhiteElo "1804"]
[BlackElo "1779"]
[PlyCount "93"]
[EventDate "2014.09.14"]
[EventType "team-match"]
[SourceDate "2014.09.13"]
[WhiteTeam "Baden"]
[BlackTeam "Alsace"]

1. e4 Nf6 2. Nc3 e5 3. Nf3 Nc6 4. Be2 Bc5 5. O-O d6 6. d3 h6 7. h3 O-O 8. a3 a6
9. Qe1 Be6 10. b4 Bd4 11. Nxd4 Nxd4 12. Bd1 Nd7 13. f4 f5 14. Be3 Nc6 15. Qg3
exf4 16. Bxf4 g5 17. h4 Qf6 18. Bd2 Qg7 19. hxg5 fxe4 20. Be2 Nd4 21. dxe4 Ne5
22. Bd3 hxg5 23. Qxg5 Qxg5 24. Bxg5 Ndf3+ 25. gxf3 Nxf3+ 26. Rxf3 Rxf3 27. Ne2
Bd7 28. Rf1 Raf8 29. Rxf3 Rxf3 30. Bf4 Rh3 31. Kg2 Rh4 32. Bg3 Rg4 33. Nf4 c6
34. Kf3 b5 35. Bf1 Rg7 36. Bf2 Bg4+ 37. Ke3 Rf7 38. Bg3 Kf8 39. Bg2 Ke8 40. Nd3
Kd7 41. e5 Re7 {(=)} 42. Kd2 Re8 43. Kc3 Bf5 44. exd6 Re2 45. Bxc6+ Kc8 46. Bf4
Be4 47. d7+ 1-0

[Event "Baden-Alsace"]
[Site "Hockenheim"]
[Date "2014.09.14"]
[Round "29"]
[White "Olguin, Monica"]
[Black "Wiesner, Alexander"]
[Result "1/2-1/2"]
[WhiteElo "1718"]
[BlackElo "1791"]
[PlyCount "109"]
[EventDate "2014.09.14"]
[EventType "team-match"]
[SourceDate "2014.09.13"]
[WhiteTeam "Alsace"]
[BlackTeam "Baden"]

1. e4 c5 2. Nf3 Nc6 3. d4 cxd4 4. Nxd4 Nf6 5. Nc3 e5 6. Nxc6 bxc6 7. b3 Bb4 8.
Bd2 Bxc3 9. Bxc3 Nxe4 10. Qf3 Nxc3 11. Qxc3 O-O 12. Be2 Re8 13. O-O Qb6 14.
Rad1 d5 15. Rfe1 Bf5 16. Rd2 Rad8 17. Kh1 Bg6 18. Bd1 f6 19. h4 Bf7 20. h5 h6
21. Qg3 Kh8 22. Qg4 Qa5 23. Rde2 Qxa2 24. Re3 Qa5 25. b4 Qc7 26. Rg3 Be6 27.
Qh4 a5 28. bxa5 Qxa5 29. c3 Bf5 30. Bg4 Qa4 31. Ree3 Bc8 32. Qh3 Bxg4 33. Rxg4
Qd1+ 34. Kh2 Ra8 35. Rg6 Ra1 36. Qf5 Rf8 37. Rxe5 Qg1+ 38. Kg3 Re1 39. Re6 Rxe6
40. Qxe6 Qh1 41. Qd7 Rg8 42. Qf5 {(=)} Qc1 43. Qd3 Re8 44. Qf3 Re5 45. Kh2 Rg5
46. Rxg5 Qxg5 47. g4 Qe5+ 48. Kg2 c5 49. Kf1 d4 50. cxd4 cxd4 51. Qd3 Qf4 52.
f3 Qc1+ 53. Ke2 Qb2+ 54. Qd2 Qb5+ 55. Qd3 1/2-1/2

[Event "Baden-Alsace"]
[Site "Hockenheim"]
[Date "2014.09.14"]
[Round "30"]
[White "Muetsch, Annmarie"]
[Black "Klein, Romain"]
[Result "1/2-1/2"]
[WhiteElo "1658"]
[BlackElo "1693"]
[PlyCount "70"]
[EventDate "2014.09.14"]
[EventType "team-match"]
[SourceDate "2014.09.13"]
[WhiteTeam "Baden"]
[BlackTeam "Alsace"]

1. e4 e5 2. Nf3 Nc6 3. Bc4 Bc5 4. b4 Bxb4 5. c3 Ba5 6. Qb3 Qe7 7. Ba3 d6 8. O-O
Bb6 9. Qb2 Nf6 10. d4 O-O 11. Nbd2 Bg4 12. Rae1 Rfe8 13. Bb5 Nd7 14. h3 Bh5 15.
Qa1 Qf6 16. Bxc6 bxc6 17. Bb2 Rab8 18. a4 a6 19. c4 Ba5 20. Re3 c5 21. d5 Nb6
22. Rc1 Rb7 23. Bc3 Bb4 24. Bxb4 cxb4 25. Nb3 Nd7 26. Na5 Rb6 27. Nc6 Nc5 28.
a5 Rb7 29. Rb1 b3 30. Nd2 Bg6 31. Qc3 Qg5 32. f3 Na4 33. Qd3 Nc5 34. Qc3 Na4
35. Qd3 Nc5 1/2-1/2

[Event "Baden-Alsace"]
[Site "Hockenheim"]
[Date "2014.09.14"]
[Round "31"]
[White "Aslamazian, Artour"]
[Black "Lohrmann, Tabea"]
[Result "1-0"]
[WhiteElo "1629"]
[BlackElo "1467"]
[PlyCount "69"]
[EventDate "2014.09.14"]
[EventType "team-match"]
[SourceDate "2014.09.13"]
[WhiteTeam "Alsace"]
[BlackTeam "Baden"]

1. c4 c5 2. g3 Nf6 3. Bg2 d5 4. cxd5 Nxd5 5. Nc3 Nc7 6. Qa4+ Qd7 7. Qb3 Nc6 8.
Nf3 e5 9. d3 Be7 10. O-O O-O 11. Bg5 h6 12. Bxe7 Qxe7 13. Nd5 Nxd5 14. Qxd5 Be6
15. Qe4 f5 16. Qe3 Qd6 17. Rfc1 Nd4 18. Nxe5 Rfd8 19. Nf3 b6 20. Nxd4 cxd4 21.
Qd2 Rac8 22. Bf3 Rc5 23. Rxc5 bxc5 24. b3 Qb6 25. Rc1 Rc8 26. e3 Rd8 27. exd4
cxd4 28. Rc6 Qb7 29. Qe2 Bd5 30. Bxd5+ Rxd5 31. Qe6+ Kh7 32. Qxd5 g6 33. Rd6
Qb4 34. Qf7+ Kh8 35. Rd8+ 1-0